| 000 | 01173nam a22003137a 4500 | ||
|---|---|---|---|
| 999 |
_c44774 _d44774 |
||
| 001 | 18325 | ||
| 003 | CO-MdFUSB | ||
| 005 | 20220625062548.0 | ||
| 008 | 170712t2013 s ||||| |||| 00| 0 s d | ||
| 020 | _a978-84-9945-610-2 | ||
| 040 |
_aCO-MdFUSB _bspa _cCO-MdFUSB _dCO-MdFUSBC _erda |
||
| 041 | _aspa | ||
| 082 | 0 | 4 | _aG 221.09 P6478p |
| 100 | 1 |
_aPincon, Bertrand. _eautor |
|
| 245 | 3 |
_aLa pareja en el Antiguo Testamento _c / Bertrand Pincon ; traducido por Pedro Barrado y María del Pilar Salas. |
|
| 264 | 4 |
_aEstrella : _bVerbo Divino, _c©2013 |
|
| 300 | _a67 p. | ||
| 336 |
_2rdacontent _a1 _ba1 |
||
| 337 |
_2rdamedia _a2 _b5 |
||
| 338 |
_2rdacarrier _a2 _b5 |
||
| 501 | _aRústico | ||
| 505 | 0 | 0 | _aLa pareja en el Antiguo Testamento -- El próximo Oriente antiguo -- el hombre la mujer y la alianza -- la fecundidad puesta a prueba -- parejas imperfectas y pareja ideal -- más allá de la pareja -- casarse con sabiduría -- actualidad |
| 650 | 7 |
_aParejas _9301 |
|
| 650 | 7 |
_aMatrimonio _9300 |
|
| 650 | 7 |
_aJudaísmo _xCostumbres y prácticas _2 _96882 |
|
| 653 | _aBiblia A.T. - Matrimonio | ||
| 653 | _aRelaciones de pareja - Biblia A.T. | ||
| 942 | _cBK | ||